LEADER 01475nam a2200205 i 4500 001 000000221644 003 CaOOAMICUS 005 20130731000000.0 008 130731s1724 xx u000 u lat u 013 $a200541 026 $aumem 64a- n-uc sura (3) 1724 (R) 040 $aSeMil$bita 245 10$aPars secunda. Operum tomus secundus, complectens praeter dissertationes de Synodo, & latrocinio Ephesinis, Synodum chalcedonensem, ... studio ac labore f. Thomae Philippini .. 300 $a[16], 395 [i.e. 375], [1] p. 500 $aSegn. : *-2*4 A-3A4. - Da p. 345 la numerazione passa a 366. 773 0 $tSynodorum generalium, ac provincialium decreta, et canones, scholiis, notis, ac historica actorum dissertatione illustrati, per F. Christianum Lupum, Iprensem, Ordinis Heremitarum Sancti Augustini, Sacrĉ Theologiae in alma Lovaniensi Universitate ..$dVenetiis : prostant apud Jo. Baptistam Albritium Q. Hieron. et Sebastianum Coleti, 1724-1727.$g2$w()16972 773 0 $aLupus, Chrétien $tPatris Christiani Lupi Opera omnia.$dVenetiis : apud Jo: Baptistam Albritium Hieron et Sebastianum Coleti, 1724-1729.$g2$w()27406 850 $aSeMil 852 $aSeMil$W1$xVenegono$y1$m2H VI 48 FA$j171993$B171993$CSeMilBibl$Z2$F182584 $8I 996 $6245$aPars secunda. Operum tomus secundus, complectens praeter dissertationes de Synodo, & latrocinio Ephesinis, Synodum chalcedonensem, ... studio ac labore f. Thomae Philippini ..$9(OLS)http://semarc/title/317749 LEADER 01179nam a2200265 i 4500 001 000000205150 003 CaOOAMICUS 005 20110817000000.0 008 110817s1967 it u000 u ita u 013 $a183886 040 $aSeMil$bita 240 10$aGriechen und Perser.$0(OLS)http://semarc/title/296982 245 10$aGreci e Persiani :$bil mondo mediterraneo nell'antichità 1. /$ca cura di Hermann Bengtson. 260 $aMilano :$bFeltrinelli,$ccopyr. 1967. 300 $a405 p. :$bill. ;$c20 cm. 490 0 $aStoria universale Feltrinelli ;$v5 500 $aContiene : Bibliografia ; Indice delle cartine. 650 4$aGrecia antica.$0(OLS)http://semarc/subject/270 650 4$aPersiani.$0(OLS)http://semarc/subject/31167 700 1 $aBengtson, Hermann.$0(OLS)http://semarc/name/73851 830 0$aStoria universale Feltrinelli ;$v5.$0(OLS)http://semarc/title/5791 850 $aSeMil 852 $aSeMil$W1$xVenegono$y1$m3V II 151$j155644$B155644$CSeMilBibl$Z2$F166944 $81 996 $6245$aGreci e Persiani :$bil mondo mediterraneo nell'antichità 1.$9(OLS)http://semarc/title/296981 996 $6260$aMilano :$bFeltrinelli$9(OLS)http://semarc/publisher/30237